Water resistant starch xanthide filled natural rubber (Record no. 72301)
[ view plain ]
| 000 -LEADER | |
|---|---|
| fixed length control field | 01217nam a2200205Ia 4500 |
| 100 ## - MAIN ENTRY--AUTHOR NAME | |
| Personal name | Chuoy-Plong P |
| 245 #0 - TITLE STATEMENT | |
| Title | Water resistant starch xanthide filled natural rubber |
| 260 ## - PUBLICATION, DISTRIBUTION, ETC. (IMPRINT) | |
| Name of publisher | Indian Journal of Natural Rubber Research |
| Year of publication | 1993 |
| 300 ## - PHYSICAL DESCRIPTION | |
| Number of Pages | 28-42 |
| 520 ## - SUMMARY, ETC. | |
| Summary, etc | Starch xanthide-natural rubber latex masterbatching process was studied starting from both latex concentrate and fresh field latex. Masterbatches of varying starch xanthide content were prepared. Physical properties of the compounds containing various starch xanthide loading were investigated both before and after exposure to water. The use of mercapto silane (Silane A 189) coupling agent in starch xanthide filled natural rubber was examined with the intention of reducing its water sensitivity. It was concluded that vulcanizates containing Silane A 189 have significantly improved physical properties in both dry and wet states and have substantially lower water sensitivity. |
| 650 ## - SUBJECT ADDED ENTRY--TOPICAL TERM | |
| Topical Term | Coupling agent |
| 650 ## - SUBJECT ADDED ENTRY--TOPICAL TERM | |
| Topical Term | Natural rubber |
| 650 ## - SUBJECT ADDED ENTRY--TOPICAL TERM | |
| Topical Term | Reinforcement |
| 650 ## - SUBJECT ADDED ENTRY--TOPICAL TERM | |
| Topical Term | Silane |
| 650 ## - SUBJECT ADDED ENTRY--TOPICAL TERM | |
| Topical Term | Starch xanthide |
| 650 ## - SUBJECT ADDED ENTRY--TOPICAL TERM | |
| Topical Term | Water resistance |
| 700 ## - ADDED ENTRY--PERSONAL NAME | |
| Personal name | Hepburn C |
| 942 ## - ADDED ENTRY ELEMENTS (KOHA) | |
| Koha item type | Journals |
| Withdrawn status | Lost status | Damaged status | Not for loan | Home library | Current library | Date acquired | Serial Enumeration / chronology | Koha item type |
|---|---|---|---|---|---|---|---|---|
| Journals | RRII Library | RRII Library | 17/12/2021 | Volume 6, Issue 1&2 | Journals |